Las reformas del sector bancario y financiero en América Latina: entre el liberalizacionismo y el intervencionismo/ entre el liberalizacionismo y el intervencionismo/
Parte de que la grave crisis económica actual hace patente los problemas estructurales del sector bancario y financiero en los países latinoamericanos, y ante ello los neoliberales proponen: liberalización de los tipos de interés; abstención de intervenir, ya que el intervencionismo estatal es culpa...
Enregistré dans:
| Format: | Livre |
|---|---|
| Langue: | Spanish |
| Publié: |
Puerto Rico:
Universidad Interamericana de Puerto Rico,
1977-
|
| Sujets: | |
| Tags: |
Ajouter un tag
Pas de tags, Soyez le premier à ajouter un tag!
|
MARC
| LEADER | 00000nam a22000007a 4500 | ||
|---|---|---|---|
| 003 | cru CIDCACS/IIS | ||
| 005 | 20200604131605.0 | ||
| 008 | 200604s1989 pr |||p|r||||||0| ||spa|d | ||
| 999 | |c 43174 |d 43174 | ||
| 040 | |c cru CIDCACS/IIS | ||
| 245 | 1 | 4 | |a Las reformas del sector bancario y financiero en América Latina: entre el liberalizacionismo y el intervencionismo/ |b entre el liberalizacionismo y el intervencionismo/ |c Manfred Nitsch |
| 260 | |a Puerto Rico: |b Universidad Interamericana de Puerto Rico, |c 1977- | ||
| 270 | |e Apdo. 1283 Hato Rey | ||
| 300 | |a páginas 86-91 | ||
| 520 | |a Parte de que la grave crisis económica actual hace patente los problemas estructurales del sector bancario y financiero en los países latinoamericanos, y ante ello los neoliberales proponen: liberalización de los tipos de interés; abstención de intervenir, ya que el intervencionismo estatal es culpable de crear distorsiones; y privatización restringiendo la banca estatal a nivel secundario, o sea a la refinanciación de segundo piso de la banca privada comercial, de las cooperativas de crédito y de otras instituciones financieras de primera línea. Dado que han habido ciertas experiencias con este tipo de reformas , inspiradas por la revolución o contra revolución monetarista liberal y apoyadas por el FMI y el Banco Mundial, se trata de formular algunas preguntas, hipótesis y resultados preliminares escépticos, sobre los logros de esta estrategia, especialmente en lo que se refiere a la movilización del ahorro financiero interno y a la revitalización y redirección de la economía. Concluye que la perspectiva subcontinental ofrece ciertos aspectos alentadores: los excesos tanto del lado de la liberalización como del intervencionismo y las pésimas experiencias con lo peor de los dos mundos empiezan a poner de relieve un camino estrecho y difícil, pero que parece viable, para las reformas a la vez realistas, equitativas y eficientes de los sistemas financieros latinoamericanos. MB/JM | ||
| 650 | 4 | |9 1935 |a RECESION ECONOMICA | |
| 650 | 4 | |9 2648 |a DOCTRINAS ECONOMICAS | |
| 650 | 4 | |9 2649 |a ESTRATEGIA DEL DESARROLLO | |
| 650 | 0 | |9 82 |a LIBERALISMO | |
| 650 | 0 | |9 3745 |a INTERVENCION DEL ESTADO | |
| 650 | 7 | |9 9319 |a DESNACIONALIZACION | |
| 650 | 7 | |9 9320 |a MONETARISMO | |
| 650 | 0 | |9 4517 |a AHORROS | |
| 650 | 0 | |9 2918 |a RECUPERACIÓN ECONÓMICA | |
| 942 | |2 ddc |c PP | ||
| 773 | 0 | |0 43173 |9 4640 |a Universidad Interamericana de Puerto Rico |d Puerto Rico: Universidad Interamericana de Puerto Rico, 1977- |o MFN: 0720 |t HOMINES: |x 02528908 | |
